| 000 | 00706pam a2200241 a 4500 | ||
|---|---|---|---|
| 999 |
_c5357 _d5357 |
||
| 001 | 4751667 | ||
| 003 | GBCCL | ||
| 005 | 20241126110539.0 | ||
| 008 | 850923s1986 miu 000 0 eng | ||
| 010 | _a 85022542 | ||
| 020 | _a0310388406 | ||
| 040 |
_aDLC _cDLC _dDLC |
||
| 050 | 0 | 0 |
_aBV4832.2 _b.S45 1986 |
| 082 | 0 | 0 |
_a242 _219 _bSEN |
| 100 | 1 |
_aSenter, Ruth Hollinger, _d1944- _99646 |
|
| 245 | 1 | 0 |
_aStartled by silence : _bfinding God in unexpected places / _cRuth Senter. |
| 260 |
_aGrand Rapids, Mich. : _bZondervan, _cc1986. |
||
| 300 |
_a143 p. ; _c23 cm. |
||
| 500 | _a"Daybreak Books." | ||
| 650 | 0 |
_aMeditations. _91412 |
|
| 906 |
_a7 _bcbc _corignew _d1 _eocip _f19 _gy-gencatlg |
||
| 942 |
_2ddc _cBK |
||